000 00485nmm a2200169Ia 4500
008 251105s9999||||xx |||||||||||||||||und||
020 _a8470308904
041 _aspa
100 _aMuela, Manuel
245 0 _aAzaña estadista :
_b Un proyecto de Estado vigente
264 _a[Madrid, España] :
_bBiblioteca Nueva,
_c1979
300 _a197 páginas
490 _aPerfiles del poder
650 _aBiography
856 _uhttps://public.digitaliapublishing.com/a/3959
942 _cCF
999 _c73219
_d73219